Early notice risk (Record no. 68287)
[ view plain ]
| 000 -LEADER | |
|---|---|
| fixed length control field | 01061cam a2200241 4500 |
| 001 - CONTROL NUMBER | |
| control field | ABS64593 |
| 008 - FIXED-LENGTH DATA ELEMENTS--GENERAL INFORMATION | |
| fixed length control field | 010918n2001 000 0 eng u |
| 035 ## - SYSTEM CONTROL NUMBER | |
| System control number | (Sirsi) u114623 |
| 100 ## - MAIN ENTRY--PERSONAL NAME | |
| Personal name | DeLaney, C. |
| 245 ## - TITLE STATEMENT | |
| Title | Early notice risk |
| 260 ## - PUBLICATION, DISTRIBUTION, ETC. | |
| Date of publication, distribution, etc. | 2001 |
| 490 ## - SERIES STATEMENT | |
| Series statement | Property Week |
| Volume/sequential designation | 66(36) 7 September 2001, 138(1) |
| 520 ## - SUMMARY, ETC. | |
| Summary, etc. | Considers CA ruling in "Omar v El-Wakil" highlighting the role of the deposit in land contracts, and the risks of serving 'notices to complete' prematurely. Parties must ensure they are 'ready, able and willing to complete' on the date specified in a notice to complete. Outlines the circumstances in which the court is prepared to exercise its discretion under Law of Property Act 1925 s49(2) and order the return of a purchaser's deposit - even to a defaulting buyer. |
| 590 ## - LOCAL NOTE (RLIN) | |
| Local note | ABS |
| 650 ## - SUBJECT ADDED ENTRY--TOPICAL TERM | |
| Topical term or geographic name entry element | OMAR V EL-WAKIL |
| 650 ## - SUBJECT ADDED ENTRY--TOPICAL TERM | |
| Topical term or geographic name entry element | DEPOSITS |
| 650 ## - SUBJECT ADDED ENTRY--TOPICAL TERM | |
| Topical term or geographic name entry element | NOTICE TO COMPLETE |
| 650 ## - SUBJECT ADDED ENTRY--TOPICAL TERM | |
| Topical term or geographic name entry element | NOTICES TO QUIT |
| 650 ## - SUBJECT ADDED ENTRY--TOPICAL TERM | |
| Topical term or geographic name entry element | LAW OF PROPERTY ACT 1925 S49(2) |
| 650 ## - SUBJECT ADDED ENTRY--TOPICAL TERM | |
| Topical term or geographic name entry element | LAND CONTRACTS |
| 690 ## - LOCAL SUBJECT ADDED ENTRY--TOPICAL TERM (OCLC, RLIN) | |
| Topical term or geographic name as entry element | PROPERTY |
| 942 ## - ADDED ENTRY ELEMENTS (KOHA) | |
| Suppress in OPAC | 0 |
| Withdrawn status | Lost status | Source of classification or shelving scheme | Damaged status | Not for loan | Home library | Current library | Shelving location | Date acquired | Total Checkouts | Full call number | Barcode | Date last seen | Copy number | Price effective from | Koha item type |
|---|---|---|---|---|---|---|---|---|---|---|---|---|---|---|---|
| Dewey Decimal Classification | London | London | Journal article | 18/09/2001 | ABS64593 | 114623-1001 | 06/08/2019 | 1 | 06/08/2019 | Journal article |